| 000 | 00516nam a2200181Ia 4500 | ||
|---|---|---|---|
| 005 | 20250326143858.0 | ||
| 008 | 250326s9999 xx 000 0 und d | ||
| 037 | _aTextbook | ||
| 040 |
_aFMSL _beng _cFMSL |
||
| 041 |
_aeng _2eng |
||
| 084 |
_aB28obT L9;2 _qFMSL |
||
| 100 | _aGarrett H E | ||
| 245 | 0 |
_aStatistics: Psychology and education _cGarrett H E |
|
| 260 |
_aBombay _bBombay, Vakils Feffer and Simons _c1979 |
||
| 300 | _a491p | ||
| 942 |
_cTB _hB28obT L9;2 |
||
| 999 |
_c1301454 _d1301454 |
||